Contribuciones a una crítica del lenguaje /

Kaydedildi:
Detaylı Bibliyografya
Yazar: Mauthner, Fritz (autor)
Diğer Yazarlar: Moreno Villa, José (traducción) (traducción), Kovacsics, Adan (edición) (edición)
Materyal Türü: Kitap
Dil:İspanyolca
Baskı/Yayın Bilgisi: Barcelona, España : Herder, 2001, c2001
Konular:
Etiketler: Etiketle
Etiket eklenmemiş, İlk siz ekleyin!

MARC

LEADER 00000nam^a2200000^a^4500
001 000179703
005 20250521000000.0
009 20260310101834.501
020 |a 84-254-2165-9 
037 |a Acervo ITESO - Biblioteca 
041 |a ESP 
082 |a 401. 1  |b MAU 
100 |a Mauthner, Fritz  |e (autor) 
245 1 0 |a Contribuciones a una crítica del lenguaje /  |c F. Mauthner ; ed. de A. Kovacsics ; tr. por J. Moreno Villa. 
264 4 |a Barcelona, España :  |b Herder,  |c 2001, c2001 
300 |a 229 p. 
336 |a texto  |b txt  |2 rdacontenido 
337 |a sin mediación  |b n  |2 rdamedio 
338 |a volumen  |b nc  |2 rdasoporte 
500 |a Traducción de: Beiträge zu einer Kritik der Sprache: Wesen der Sprache 
649 |a XX 
650 |a Lenguaje y Lenguas -  |x Teoría 
650 |a Filosofía del Lenguaje 
650 |a Lenguaje y Pensamiento 
650 |a Lingüística 
700 |a Moreno Villa, José  |e (traducción) 
700 |a Kovacsics, Adan  |e (edición) 
910 |a Fondo General 
920 |a Impresos - Libros 
930 |a Colección General 
905 |a 101 
901 |a 0500119007  |b IT1  |c ACC  |u 20250521 
902 |a https://opac.biblio.iteso.mx/vufind/Record/000179703